Responses for Show #3772 - Tuesday, January 16, 2001

Contestants

[<< previous game]

Vaughan Williams, a lieutenant in the United States Navy from Arlington, Virginia

Dawn Frank, a special education teacher from Washington, D.C.

C.W. Van Baale, a rentals coordinator from Chicago, Illinois

[next game >>]

Jeopardy! Round responses

U.S. PLACE NAMES
CRIMINAL'S DICTIONARY
(Alex: We want you to name the work in...)
LITERARY TITLE CHARACTERS
NHL TEAMS
(Alex: The National Hockey League.)
PAPER
ENDS IN "OLA"
    $100 8
Savannah

Vaughan
    $100 26
(Vaughan: What's an author?)

a bookmaker (or a bookie)

Vaughan
Triple Stumper
    $100 1
Moby-Dick

Dawn
    $100 3
(Vaughan: Who are the [*] Canadiens?)

Montreal

Vaughan
    $100 21
a ream

Dawn
    $100 16
a gondola

Vaughan
    $200 9
Chevy Chase

Dawn
    $200 27
a canary

Dawn
    $200 2
(C.W.: What is Crime and Punishment?)

The Brothers Karamazov

C.W.Vaughan
    $200 4
(Vaughan: Who are the the Ottawa [*]?)

Senators

Vaughan
    $200 22
papyrus

Dawn
    $200 17
granola

Dawn
    $300 10
(Dawn: What is Noel?)

Bethlehem

Dawn
    $300 28
a mug shot

Vaughan
    $300 13
The Great Gatsby

C.W.
    $300 5
the Detroit Red Wings

Dawn
    $300 23
paper bags

Vaughan
    $300 18
a Victrola

C.W.
    $400 11
Hannibal

Dawn
    $400 29
a moll

Dawn
    $400 14
Candide

Triple Stumper
    $400 6
New York Rangers

Vaughan
    $400 24
a watermark

Vaughan
    $400 19
Gorgonzola

C.W.
    $500 12
Dayton, Tennessee

Triple Stumper
    $500 30
an alibi

Vaughan
    $500 15
Jude the Obscure

Dawn
    $500 7
(Vaughan: Who are the Calgary Flames?)
(C.W.: Who are the Montreal Canadiens?)
...
(Alex: Both you and Vaughan misunderstood the clue. We said they play their "home games in this former Olympic venue". That is [*] and the team, of course, is the Calgary Flames.)

the Saddledome

C.W.Vaughan
Triple Stumper
    $500 25
the mulberry tree

Triple Stumper
    $500 20
Hispaniola

Vaughan

Scores at the first commercial break (after clue 15):

C.W. Dawn Vaughan
-$400 $1,200 $500

Scores at the end of the Jeopardy! Round:

C.W. Dawn Vaughan
$300 $2,300 $2,500

Double Jeopardy! Round responses

BIG 10-LETTER WORDS
20 QUESTIONS
30 DAYS HATH SEPTEMBER
FOODS OF THE '40s
(Alex: There's a trend building here!)
50 CENTS
60 MINUTES
    $200 14
overweight

Dawn
    $200 4
FDR

C.W.
    $200 26
Israel

Vaughan
    $200 1
cheesecake

Triple Stumper
    $200 8
the Liberty Bell

Dawn
    $200 21
Mike Wallace

Vaughan
    $400 15
[In Washington, D.C.]
(C.W.: What is a monument?)

monumental

C.W.Dawn
    $400 5
(C.W.: What is T?)
(Vaughan: What is U?)
...
(Alex: I'm one of those Canadians who always says that the [*] is a vowel.)

Y

C.W.DawnVaughan
    $400 27
Mozart

C.W.
    $400 2
Cheerios

Dawn
    $400 9
an eagle

Vaughan
    $400 22
60 Minutes II

Vaughan
    $600 16
gargantuan

Triple Stumper
    $600 6
the Temple

Triple Stumper
    $600 29
(C.W.: What is get beheaded?)
...
[The end-of-round signal sounds.]

go up in a hot air balloon

C.W.
Triple Stumper
    $600 3
(C.W.: What are eggs?)

crabs

C.W.
Triple Stumper
    $600 10
John F. Kennedy

Triple Stumper
    $600 23
Diane Sawyer

Vaughan
    $800 17
voluminous

C.W.
    $800 7
score

Vaughan
    $800 19
(Dawn: Uh, what is Cool Whip?)

Reddi-wip

Dawn
Triple Stumper
    $800 11
1976 (or 1776)

Vaughan
    $1,000 24
(Alex: [Before Vaughan's wager] And we have about a minute left in the round, Vaughan.)

The Insider

Vaughan
    $1000 18
stupendous

Triple Stumper
    $1000 13
mules

Triple Stumper
    $1000 28
South Africa

Vaughan
    $1000 20
(C.W.: What is La Choy?)

Chun King

C.W.
Triple Stumper
    $1000 12
Philadelphia & Denver

Vaughan
    $1000 25
Shana Alexander

Triple Stumper

Scores at the end of the Double Jeopardy! Round:

C.W. Dawn Vaughan
-$1,300 $3,100 $8,500
(lock game)

[wagering suggestions for these scores]

Final Jeopardy! Round responses

BUSINESS BIGGIES
(Alex: Think of Pittsburgh, think of steel. Think of steel, think of this man, we hope.)
DawnWho was Andrew Carnegie?
$1,000
VaughanWho was Vanderbilt
$2,000
Andrew Carnegie

Final scores:

C.W. Dawn Vaughan
-$1,300 $4,100 $6,500
3rd place: a Novica.com shopping spree 2nd place: a trip to Forest Inn Suites, Lake Tahoe New champion: $6,500

Game dynamics:

Coryat scores:

C.W. Dawn Vaughan
-$1,300 $3,400 $8,300
6 R,
7 W
15 R,
2 W
(including 1 DD)
21 R
(including 2 DDs),
3 W

Combined Coryat: $10,400

[game clues] [game scores] [suggest correction]

Game tape date: 2000-11-07
The J! Archive is created by fans, for fans. Scraping, republication, monetization, and malicious use prohibited; this site may use cookies and collect identifying information. See terms. The Jeopardy! game show and all elements thereof, including but not limited to copyright and trademark thereto, are the property of Jeopardy Productions, Inc. and are protected under law. This website is not affiliated with, sponsored by, or operated by Jeopardy Productions, Inc. Join the discussion at JBoard.tv.